000 01109nam a2200277Ia 4500
001 ebr10375612
003 CaPaEBR
006 m u
007 cr cn|||||||||
008 100428s2010 inua s 001 0 eng d
020 _z9780470527672
040 _aCaPaEBR
_cCaPaEBR
035 _a(OCoLC)647899102
050 1 4 _aTK5105.59
_b.B695 2010eb
100 1 _aBoyles, Tim.
245 1 0 _aCCNA Security study guide
_h[electronic resource] :
_bIINS Exam 640-553 /
_cTim Boyles.
260 _aIndianapolis :
_bWiley,
_c2010.
300 _axxxii, 516 p. :
_bill.
500 _aIncludes index.
533 _aElectronic reproduction.
_bPalo Alto, Calif. :
_cebrary,
_d2011.
_nAvailable via World Wide Web.
_nAccess may be limited to ebrary affiliated libraries.
650 0 _aComputer networks
_xSecurity measures
_xExaminations
_vStudy guides.
650 0 _aTelecommunications engineers
_xCertification.
655 7 _aElectronic books.
_2local
710 2 _aebrary, Inc.
856 4 0 _uhttp://site.ebrary.com/lib/rucke/Doc?id=10375612
_zAn electronic book accessible through the World Wide Web; click to view
999 _c193072
_d193072